Statistics for Top 50 Most Guessed Countries On JetPunk

Click here to take the quiz!

General Stats

  • This quiz has been taken 130 times
  • The average score is 43 of 50

Answer Stats

%Country% Correct
96Canada
99%
97United States
99%
95Brazil
98%
95Mexico
98%
96Russia
98%
94United Kingdom
98%
94Australia
97%
95China
97%
92Japan
97%
94France
96%
93Germany
96%
92India
96%
93Spain
96%
85South Korea
95%
89Argentina
94%
94Italy
94%
83New Zealand
91%
87South Africa
91%
87Sweden
90%
88Egypt
89%
81Denmark
88%
82Iran
88%
85Norway
88%
82Poland
88%
87Portugal
88%
83Greece
86%
75Colombia
85%
84Finland
85%
87Chile
84%
78Peru
84%
80Iraq
83%
76Ukraine
82%
74Indonesia
81%
77Pakistan
81%
84Turkey
81%
75Belgium
79%
88Iceland
79%
85North Korea
79%
78Switzerland
79%
72Thailand
79%
72Vietnam
79%
77Netherlands
77%
75Austria
76%
75Niger
76%
74Saudi Arabia
76%
78Cuba
73%
72Morocco
69%
76Mongolia
64%
79Madagascar
43%
71Uruguay
41%

Score Distribution

Percentile by Number Answered

Percent of People with Each Score

Your Score History

You have not taken this quiz